MARC

LEADER 00000nmm0a2200000 4500
001 73347
005 20251211095221.0
010 |a 5947741288 
035 |a (RuTPU)RU\TPU\book\78272 
090 |a 73347 
100 |a 20050215d2004 m y0rusy50 ca 
101 1 |a rus  |c eng 
102 |a RU 
105 |a a j 001zy 
200 1 |a Проектирование систем управления  |e пер. с англ.  |f Г. К. Гудвин, С. Ф. Гребе, М. Э. Сальгадо 
210 |a Москва  |c БИНОМ. Лаборатория знаний  |d 2004 
215 |a 911 с.  |c ил.  |e Приложение: CD-ROM 
320 |a Именной указатель: с. 889-891. 
320 |a Предметный указатель: с. 892-899. 
610 1 |a автоматика 
610 1 |a системы автоматического управления 
610 1 |a САУ 
610 1 |a проектирование 
610 1 |a создание 
610 1 |a моделирование 
610 1 |a непрерывные сигналы 
610 1 |a CISO-системы 
610 1 |a системы 
610 1 |a синтез 
610 1 |a цифровое управление 
610 1 |a дискретные системы 
610 1 |a оптимизация 
610 1 |a MIMO-управление 
610 1 |a CD-ROM 
610 1 |a учебники 
675 |a 681.51.001.6(075.8)  |v 3 
700 1 |a Гудвин  |b Г. К.  |g Грэм 
701 1 |a Гребе  |b С. Ф.  |g Стефан Ф. 
701 1 |a Сальгадо  |b М. Э.  |g Марио Э. 
801 1 |a RU  |b 63413507  |c 20050215  |g PSBO 
801 2 |a RU  |b 63413507  |c 20201110  |g PSBO 
942 |c MX